[Event "Faxe Eftermiddag-D"]
[Site "Faxe"]
[Date "2012.11.07"]
[Round "5"]
[White "Eriksen, Knud"]
[Black "Anghel, Mihai Ursta"]
[Result "0-1"]
[WhiteElo "1331"]
[BlackElo "1065"]
[PlyCount "70"]
[EventDate "2012.09.26"]
[EventType "swiss"]
[EventRounds "5"]
[EventCountry "DEN"]
[SourceTitle "EXT 2023"]
[Source "ChessBase"]
[SourceDate "2022.10.05"]
[SourceVersion "1"]
[SourceVersionDate "2022.10.05"]
[SourceQuality "1"]

1. e4 c5 2. Nf3 g6 3. c3 Bg7 4. Bc4 e6 5. 0-0 Ne7 6. d3 d5 7. exd5 Nxd5 8. Re1 0-0 9. Bg5 Ne7 10. Qe2 Nbc6 11. Nbd2 Qc7 12. Bb3 h6 13. Be3 Na5 14. Bc2 Nf5 15. Ne4 Nxe3 16. Qxe3 b6 17. h3 Bb7 18. Ned2 Nc6 19. Nh2 Ne7 20. Qe2 Qc6 21. Ndf3 Nf5 22. Ng4 b5 23. Qd2 Rad8 24. Qe2 h5 25. Ne3 Nxe3 26. Qxe3 b4 27. Qd2 bxc3 28. bxc3 c4 29. d4 e5 30. Be4 Qc7 31. Bxb7 Qxb7 32. Rab1 Qd5 33. Nxe5 Bxe5 34. Rxe5 Qxe5 35. Re1 Qc7 0-1

[Event "Faxe Eftermiddag-D"]
[Site "Faxe"]
[Date "2012.10.10"]
[Round "3"]
[White "Nielsen, Flemming"]
[Black "Anghel, Mihai Ursta"]
[Result "1/2-1/2"]
[WhiteElo "1318"]
[BlackElo "1065"]
[PlyCount "107"]
[EventDate "2012.09.26"]
[EventType "swiss"]
[EventRounds "5"]
[EventCountry "DEN"]
[SourceTitle "EXT 2023"]
[Source "ChessBase"]
[SourceDate "2022.10.05"]
[SourceVersion "1"]
[SourceVersionDate "2022.10.05"]
[SourceQuality "1"]

1. e4 c5 2. d4 g6 3. Nf3 Bg7 4. Bc4 cxd4 5. Nxd4 e6 6. 0-0 Ne7 7. Nc3 0-0 8. Be3 b6 9. Qf3 Bb7 10. Rad1 Nbc6 11. Ndb5 Ne5 12. Qe2 a6 13. Nd6 Qc7 14. Bb3 N5c6 15. Na4 b5 16. Bb6 Qb8 17. Nc5 Bc8 18. Nxc8 Nd4 19. Nxe7+ Kh8 20. Rxd4 Qxb6 21. Rxd7 Qxc5 22. Qe3 Qe5 23. c3 Qb8 24. Nc6 Qc8 25. Rd6 Qc7 26. Rfd1 a5 27. Qc5 Rfc8 28. Qxb5 Bf8 29. Qe5+ Kg8 30. Ba4 Bxd6 31. Rxd6 Qb7 32. b3 Ra6 33. Rd8+ Rxd8 34. Nxd8 Qc8 35. Qd4 e5 36. Qc4 Qxd8 37. Qxa6 Qd1+ 38. Qf1 Qd2 39. c4 Qxa2 40. f3 Qd2 41. g3 h5 42. c5 Qd4+ 43. Qf2 Qd1+ 44. Kg2 h4 45. gxh4 Qd8 46. c6 f5 47. exf5 gxf5 48. Qg3+ Kf7 49. h5 f4 50. Qg6+ Kf8 51. h6 Qd2+ 52. Kh3 Ke7 53. h7 Qc3 54. Qg7+ 1/2-1/2